[Event "AUS-ch Major"]
[Site "Cammeray"]
[Date "2010.01.09"]
[Round "7"]
[White "Sliwinski, Zdzislaw"]
[Black "Sewell, Robert"]
[Result "1-0"]
[WhiteElo "1587"]
[BlackElo "1075"]
[PlyCount "115"]
[EventDate "2010.01.02"]
[EventType "swiss"]
[EventRounds "11"]
[EventCountry "AUS"]
[SourceTitle "EXT 2011"]
[Source "ChessBase"]
[SourceDate "2010.11.26"]
[SourceVersion "1"]
[SourceVersionDate "2010.11.26"]
[SourceQuality "1"]

1. e4 d5 2. exd5 Nf6 3. c4 c6 4. dxc6 Nxc6 5. Nf3 Bg4 6. Be2 e5 7. d3 Bc5 8. Nfd2 Bxe2 9. Qxe2 Nb4 10. Qxe5+ Be7 11. Qb5+ Kf8 12. Na3 Nxd3+ 13. Kf1 Nxc1 14. Rxc1 Qxd2 15. Re1 Qd3+ 16. Re2 Re8 17. Ke1 Bb4+ 18. Qxb4+ Kg8 19. Rxe8+ Nxe8 20. Qd2 Qg6 21. f3 h6 22. Kf2 Qb6+ 23. Ke2 Nf6 24. Rd1 Kh7 25. b3 Re8+ 26. Kf1 a6 27. Nb1 Qc7 28. Qd6 Qa5 29. Qd3+ g6 30. Nc3 Qh5 31. h3 Qg5 32. Qd2 Qf5 33. Nd5 Ne4 34. Qf4 Qxf4 35. Nxf4 Nc3 36. Rd2 g5 37. Ne2 Nxe2 38. Rxe2 Re6 39. Ke1 Kg6 40. Kd2 Rd6+ 41. Kc3 Kf6 42. c5 Rc6 43. Kc4 Re6 44. Rd2 b5+ 45. Kd5 Ke7 46. b4 h5 47. Rd4 f5 48. g4 hxg4 49. hxg4 Kf6 50. gxf5 Re5+ 51. Kc6 Rxf5 52. Kb7 Rxf3 53. c6 Ke5 54. Rd2 g4 55. c7 Rc3 56. c8Q Rxc8 57. Kxc8 g3 58. Kb7 1-0